1462 1735 1859 1878 1544 1870 1347 1646 1809 1544 1821 1878 1757 1642 1735 1590 1765 1022 1136 1209 1978 1958 1847 1952 1886 1679 1246 1924 1001 1516 1557 1934 1431 1945 1857 1248 1232 1158 1808 1734 1606 1399 1970 1856 1888 1708 1478 1765 1598 1477 1863 1287 1930 1173 1555 1430 1321 1013 1152 1262 1241 1485 1612 1628 1960 1663 1830 1917 1396 1496 1999 1112 1757 1611 1995 1950 1843 1955 1684 1663 1687 1465 1276 1276 1473 1624 1700 1791 1862 1365 1273 1092 1749 1570 1629 1075 1560 1833 1923 BCNSPRNW ULIB Ver.6.0+V

เปลี่ยนเป็นภาษาไทย

Change to English
 แสดงรายละเอียดบรรณานุกรม
  กลับหน้าหลัก

Brief Record : Get Marc (ISO 2709) : E-mail record : QR code < ปิดหน้าต่าง
LEADER : 00000nam 2200000uu 4500
001    13399123533
003     ULIB
008    121002s2555||||th 000 0 tha d
020    ^a9789746457583
020    9746457586
050 04 ^aBF637^bส719ท ล.2 2555
110 2  ^aมหาวิทยาลัยสุโขทัยธรรมาธิราช.^bสาขาวิชาศิลปศาสตร์
245 10 ^aทักษะชีวิต หน่วยที่ 8-15=^bLife skills /^cสาขาวิชาศิลปศาสตร์มหาวิทยาลัยสุโขทัยธรรมาธิราช
246 31 ^aLife skills
250    ^aพิมพ์ครั้งที่ 21
260    ^aนนทบุรี :^bมหาวิทยาลัยสุโขทัยธรรมาธิราช,^c2555
300    ^a2 เล่ม :^bภาพประกอบ, ตาราง
440  0 ^aเอกสารการสอนชุดวิชา ;^v10103
504    ^aมีบรรณานุกรมประกอบ
505 0  ^aล.2^tหน่วยที่ 8-15
650  7 ^aจิตวิทยาประยุกต์
650  7 ^aความสำเร็จ
650  7 ^aการดำเนินชีวิต
945    ^p0^l0^i21013
945    ^p0^l0^i21014
945    ^p0^l0^i21015
945    ^p0^l0^i21016
945    ^p0^l0^i21017
945    ^p0^l0^i21018
945    ^p0^l0^i21019
945    ^p0^l0^i21020
995    ทศพร
999 ^a ใช้งานได้ทุกระบบ
รายการนี้ยังไม่มีแท็ก
คุณยังไม่ได้ล็อกอิน คุณสามารถมีกิจกรรมร่วมกับเว็บไซต์ได้ แต่ต้องล็อกอินก่อน ::
  ล็อกอิน

รายการสื่อสารสนเทศ

ลำดับที่ ประเภท เลขเรียก/บาร์โค้ด สถานที่ สถานะ
1. การศึกษาทั่วไป
การศึกษาทั่วไป
สถานะ=หนังสือเก่า
BF637 ส719ท ล.2 2555 ฉ.1 
  Barcode: 21013
ห้องสมุดวิทยาเขตนครสวรรค์
►ส่วนจัดเก็บหนังสือเก่า นว.
บนชั้น
  ขอยืม
2. การศึกษาทั่วไป
การศึกษาทั่วไป
สถานะ=หนังสือเก่า
BF637 ส719ท ล.2 2555 ฉ.2 
  Barcode: 21014
ห้องสมุดวิทยาเขตนครสวรรค์
►ส่วนจัดเก็บหนังสือเก่า นว.
บนชั้น
  ขอยืม
3. การศึกษาทั่วไป
การศึกษาทั่วไป
สถานะ=หนังสือเก่า
BF637 ส719ท ล.2 2555 ฉ.3 
  Barcode: 21015
ห้องสมุดวิทยาเขตนครสวรรค์
►ส่วนจัดเก็บหนังสือเก่า นว.
บนชั้น
  ขอยืม
4. การศึกษาทั่วไป
การศึกษาทั่วไป
สถานะ=หนังสือเก่า
BF637 ส719ท ล.2 2555 ฉ.4 
  Barcode: 21016
ห้องสมุดวิทยาเขตนครสวรรค์
►ส่วนจัดเก็บหนังสือเก่า นว.
บนชั้น
  ขอยืม
5. การศึกษาทั่วไป
การศึกษาทั่วไป
สถานะ=หนังสือเก่า
BF637 ส719ท ล.2 2555 ฉ.5 
  Barcode: 21017
ห้องสมุดวิทยาเขตนครสวรรค์
►ส่วนจัดเก็บหนังสือเก่า นว.
บนชั้น
  ขอยืม
6. การศึกษาทั่วไป
การศึกษาทั่วไป
สถานะ=หนังสือเก่า
BF637 ส719ท ล.2 2555 ฉ.6 
  Barcode: 21018
ห้องสมุดวิทยาเขตนครสวรรค์
►ส่วนจัดเก็บหนังสือเก่า นว.
บนชั้น
  ขอยืม
7. การศึกษาทั่วไป
การศึกษาทั่วไป
สถานะ=หนังสือเก่า
BF637 ส719ท ล.2 2555 ฉ.7 
  Barcode: 21019
ห้องสมุดวิทยาเขตนครสวรรค์
►ส่วนจัดเก็บหนังสือเก่า นว.
บนชั้น
  ขอยืม
8. การศึกษาทั่วไป
การศึกษาทั่วไป
สถานะ=หนังสือเก่า
BF637 ส719ท ล.2 2555 ฉ.8 
  Barcode: 21020
ห้องสมุดวิทยาเขตนครสวรรค์
►ส่วนจัดเก็บหนังสือเก่า นว.
บนชั้น
  ขอยืม

รายการใกล้เคียง
    หัวเรื่อง [จิตวิทยาประยุกต์]
    หัวเรื่อง [ความสำเร็จ]
    หัวเรื่อง [การดำเนินชีวิต]

BibComment


ยังไม่เคยถูกคอมเมนท์

คอมเมนท์ทรัพยากรรายการนี้
  คอมเมนท์: ทักษะชีวิต หน่วย..


 Copyright 2026. Bcnsprnw @Library